[Event "AUTO-MASTER-3167"]
[Site "http://www.queenalice.com/game.php?id=1812747"]
[Date "2023.5.29"]
[Round "1"]
[White "zhiii00"]
[Black "steinie"]
[Result "1-0"]
[WhiteElo "2331"]
[BlackElo "1978"]

1. e4 e5 2. Nf3 Nf6 3. Nxe5 d6 4. Nf3 Nxe4 5. Nc3 Nxc3 6. dxc3 Qe7+ 7. Be2 Bg4
8. O-O f5 9. Re1 Nd7 10. Nd4 Ne5 11. f4 Rd8 12. Bxg4 fxg4 13. Bd2 c5 14. fxe5
dxe5 15. Nf5 Qf6 16. Ne3 h5 17. Qe2 Be7 18. Qb5+ Qc6 19. Qxc6+ bxc6 20. Rad1 Bh4
21. g3 Bf6 22. Nc4 Rd5 23. Bc1 Rg8 24. Rxd5 cxd5 25. Nxe5 a5 26. Nxg4+ Kf7 27.
Nxf6 gxf6 28. Kf2 Rd8 29. Kf3 Rb8 30. Kf4 c4 31. g4 hxg4 32. Kxg4 Rg8+ 33. Kf3
Rd8 34. h4 a4 35. h5 Kg7 36. h6+ Kg8 37. Re7 Rd6 38. h7+ Kh8 39. Be3 Rc6 40. Bd4
a3 41. bxa3 Rd6 42. Kf4 Re6 43. Rxe6 Kxh7 44. Rxf6 Kg7 45. Kg5 Kh8 46. Rh6+ Kg8
47. Kf6 1-0

[Event "AUTO-MASTER-3167"]
[Site "http://www.queenalice.com/game.php?id=1812748"]
[Date "2023.5.29"]
[Round "1"]
[White "steinie"]
[Black "zhiii00"]
[Result "0-1"]
[WhiteElo "1943"]
[BlackElo "2289"]

1. f4 f5 2. d4 e6 3. e4 fxe4 4. Be3 Nf6 5. Nc3 d5 6. g4 g6 7. g5 Nh5 8. Be2 Ng7
9. Nh3 Nf5 10. Bf2 Bb4 11. a3 Ba5 12. b4 Bb6 13. Bg4 Nc6 14. b5 Nce7 15. Na4
Ba5+ 16. Kf1 Qd6 17. c4 dxc4 18. Nc5 e3 19. Ne4 Qb6 20. Bg1 Qxb5 21. Rb1 Qc6 22.
Bf3 Nd5 23. a4 O-O 24. Nf6+ Kg7 25. Rb5 Bb6 26. Nxd5 exd5 27. Bxd5 Qe8 28. Ke1
c6 29. Bxc6 Qxc6 30. d5 Qe8 31. Qa1+ Bd4 32. Qb1 b6 33. Rb2 Ba6 34. Re2 Rd8 35.
a5 b5 36. Nf2 exf2+ 37. Bxf2 Bxf2+ 38. Kxf2 Qd7 39. Rd1 Rfe8 40. Rxe8 Qxe8 41.
Qa1+ Kg8 42. Re1 Qd7 43. Qe5 Qxd5 44. Qe6+ Qxe6 45. Rxe6 Rd6 46. Re8+ Kf7 47.
Rh8 Ke6 48. Rxh7 Kd5 49. Rxa7 c3 50. Ke1 Kc4 51. Rc7+ Kb3 52. h3 c2 53. Rxc2
Kxc2 54. h4 Nxh4 55. Kf2 Rd3 56. f5 Nxf5 57. Kg2 b4 58. Kh2 b3 59. Kg2 b2 60.
Kh1 b1=Q+ 61. Kg2 Kb3 62. Kf2 Qc2+ 0-1

[Event "AUTO-MASTER-3167"]
[Site "http://www.queenalice.com/game.php?id=1812757"]
[Date "2023.5.29"]
[Round "1"]
[White "jogador58"]
[Black "steinie"]
[Result "0-1"]
[WhiteElo "2201"]
[BlackElo "1952"]

1. d4 d5 2. c4 Nc6 3. Bf4 dxc4 4. e3 e5 5. Bg3 Bb4+ 6. Nc3 exd4 7. exd4 Qxd4 8.
Qxd4 Nxd4 9. O-O-O c5 10. Bxc4 Be6 11. Bxe6 Nxe6 12. Nge2 Nf6 13. f3 c4 14. Bh4
g5 15. Bf2 Rd8 16. Rxd8+ Kxd8 17. Bxa7 Kc8 18. Rd1 Rd8 19. g3 Rxd1+ 20. Kxd1 Nd7
21. Be3 Ne5 22. f4 Bxc3 23. Nxc3 gxf4 24. gxf4 Ng4 25. Bg1 Nxf4 26. Kd2 f5 27.
Ne2 Nxe2 28. Kxe2 b5 29. a3 Ne5 30. Ke3 Nd3 31. b4 Nc1 32. Kf4 Ne2+ 33. Kxf5
Nxg1 34. Ke4 Nh3 35. Kd4 Ng5 36. Kc3 Nf3 37. h3 h5 38. a4 bxa4 39. Kxc4 h4 40.
b5 Ng5 41. Kb4 Nxh3 42. Kxa4 Nf4 0-1

[Event "AUTO-MASTER-3167"]
[Site "http://www.queenalice.com/game.php?id=1812758"]
[Date "2023.5.29"]
[Round "1"]
[White "steinie"]
[Black "jogador58"]
[Result "1/2-1/2"]
[WhiteElo "2031"]
[BlackElo "2183"]

1. a3 d5 2. d4 c6 3. Nc3 Bf5 4. Be3 e6 5. h3 Bd6 6. g4 Bg6 7. f4 f5 8. Nf3 Nf6
9. Ng5 fxg4 10. Bg2 h6 11. Nxe6 Qe7 12. Nxg7+ Qxg7 13. b4 Nbd7 14. Rh2 Qe7 15.
Bd2 g3 16. Rh1 Ne4 17. Bxe4 dxe4 18. Nxe4 Qxe4 19. Rg1 Bh5 20. Rxg3 Rf8 21. Re3
Nf6 22. c4 Bxf4 23. Rxe4+ Nxe4 24. Bxf4 Rxf4 25. Qc1 Rf6 26. Rb1 O-O-O 27. Qe3
Re8 28. Rb2 Nd6 29. Qc1 Ne4 30. Qe3 Ng5 31. Qc3 Ne4 32. Qe3 1/2-1/2

[Event "AUTO-OPEN-4472"]
[Site "http://www.queenalice.com/game.php?id=1820618"]
[Date "2023.9.11"]
[Round "1"]
[White "suenteus_po_147"]
[Black "steinie"]
[Result "1/2-1/2"]
[WhiteElo "2077"]
[BlackElo "1843"]

1. e4 e5 2. Bc4 Nf6 3. Nc3 Nc6 4. d3 Bb4 5. Bg5 d6 6. Ne2 Be6 7. O-O h6 8. Bh4
g5 9. Bg3 Nh5 10. h3 a6 11. Nd5 b5 12. Bb3 Bc5 13. Nec3 Nxg3 14. Re1 Nd4 15. Re3
Nxe4 16. Rxe4 f5 17. Re1 c6 18. Ne3 Nxb3 19. axb3 h5 20. Qf3 Qc8 21. Ne2 g4 22.
hxg4 fxg4 23. Qf6 Rg8 24. Ng3 Bb4 25. c3 Bc5 26. b4 Bb6 27. Nxh5 Ra7 28. d4 Bd8
29. Qh6 Bg5 30. Nf6+ Kf7 31. Qh7+ Rg7 32. Qe4 Kxf6 33. dxe5+ dxe5 34. Red1 Bxe3
35. Qxe3 Rad7 36. Rxd7 Rxd7 37. Qh6+ Kf5 38. Qh5+ Kf6 39. Qh6+ 1/2-1/2

[Event "AUTO-OPEN-4472"]
[Site "http://www.queenalice.com/game.php?id=1820619"]
[Date "2023.9.11"]
[Round "1"]
[White "steinie"]
[Black "suenteus_po_147"]
[Result "0-1"]
[WhiteElo "1824"]
[BlackElo "2024"]

1. e4 e5 2. Nf3 Nc6 3. Bc4 Nf6 4. d3 Bc5 5. Be3 Bb6 6. Nc3 d6 7. Bg5 h6 8. Bxf6
Qxf6 9. Nd5 Qg6 10. c3 Be6 11. Rg1 O-O 12. b4 Rfe8 13. Rc1 Kh8 14. b5 Na5 15.
Nxb6 axb6 16. Bxe6 Qxe6 17. g4 Qxa2 18. Qc2 Nb3 19. Qxa2 Rxa2 20. Rd1 Rc2 21. c4
Ra8 22. h4 Raa2 23. Rg2 Nc5 24. Kf1 c6 25. bxc6 bxc6 26. g5 hxg5 27. hxg5 Kg8
28. Ne1 Rcb2 29. Nf3 b5 30. cxb5 cxb5 31. Nh4 g6 32. Nf3 b4 33. d4 Nxe4 34. dxe5
dxe5 35. Nxe5 Nxf2 36. Rc1 Ne4 37. Rg4 Nc3 38. Nd3 Rh2 39. Re1 b3 40. Rg3 Ne2
41. Re3 Nf4 42. Re8+ Kg7 0-1

[Event "AUTO-OPEN-4472"]
[Site "http://www.queenalice.com/game.php?id=1820646"]
[Date "2023.9.11"]
[Round "1"]
[White "marreta7"]
[Black "steinie"]
[Result "0-1"]
[WhiteElo "1720"]
[BlackElo "1945"]

1. e4 e5 2. Bc4 Nf6 3. d3 d5 4. exd5 Nxd5 5. a3 c6 6. h3 Bd6 7. Nf3 Be6 8. O-O
b5 9. Ba2 Na6 10. Re1 Nc5 11. Nxe5 Bxe5 12. Rxe5 f6 13. Re2 g5 14. d4 f5 15.
Bxd5 Qxd5 16. Bxg5 Rg8 17. h4 Ne4 18. Be3 Nc3 19. Nxc3 Qxg2# 0-1

[Event "AUTO-OPEN-4472"]
[Site "http://www.queenalice.com/game.php?id=1820647"]
[Date "2023.9.11"]
[Round "1"]
[White "steinie"]
[Black "marreta7"]
[Result "0-1"]
[WhiteElo "2037"]
[BlackElo "1697"]

1. e4 e5 2. Bd3 a6 3. Nf3 Nc6 4. c4 Bc5 5. Nc3 d6 6. Nd5 h6 7. b4 Bxb4 8. Nxb4
Nxb4 9. Qa4+ Bd7 10. Qxb4 Rb8 11. Qa5 Nf6 0-1

[Event "AUTO-OPEN-4472"]
[Site "http://www.queenalice.com/game.php?id=1820664"]
[Date "2023.9.11"]
[Round "1"]
[White "Tonto"]
[Black "steinie"]
[Result "1-0"]
[WhiteElo "1923"]
[BlackElo "1977"]

1. Nf3 d5 2. d4 Nc6 3. Nc3 f6 4. Bf4 Bf5 5. e3 g5 6. Bg3 e6 7. Nb5 Bd6 8. Nxd6+
cxd6 9. c4 dxc4 10. Bxc4 d5 11. Bb3 Nge7 12. O-O b5 13. Nd2 Qa5 14. a3 e5 15.
dxe5 fxe5 16. Nf3 Rd8 17. Nxe5 Nxe5 18. Bxe5 Rf8 19. Qh5+ Bg6 20. Qxg5 Rf5 21.
Qg3 Qd2 22. Rad1 Qe2 23. Bd4 Rf7 24. h4 Qh5 25. Bxa7 Nf5 26. Qe5+ Ne7 27. Qd4
Be4 28. f3 Bxf3 29. gxf3 Nc6 30. Qc5 Rg7+ 31. Kf2 Qxh4+ 32. Ke2 Rg2+ 33. Kd3
Nxa7 34. Qxa7 Rxb2 35. Kc3 Qh2 36. Qd4 1-0

[Event "AUTO-OPEN-4472"]
[Site "http://www.queenalice.com/game.php?id=1820665"]
[Date "2023.9.11"]
[Round "1"]
[White "steinie"]
[Black "Tonto"]
[Result "0-1"]
[WhiteElo "1959"]
[BlackElo "1947"]

1. d4 d5 2. Nc3 Nf6 3. e3 Bf5 4. f3 e6 5. g4 Bg6 6. e4 dxe4 7. Bg5 h6 8. Bxf6
Qxf6 9. fxe4 Bb4 10. Bd3 Nc6 11. Nf3 e5 12. dxe5 Nxe5 13. Nxe5 Qxe5 14. Kf1
O-O-O 15. Qe1 Rhe8 16. a3 Qf4+ 17. Qf2 Qxf2+ 18. Kxf2 Bc5+ 19. Kf1 Bd4 20. Re1
Re5 21. h4 a6 22. Rh3 h5 23. gxh5 Bxh5 24. Rg3 g6 25. Na4 Rf8 26. c3 Ba7 27. b4
Rd8 28. c4 Rd6 29. c5 Rf6+ 30. Kg1 b5 31. Nc3 Rf4 32. Rf1 Rxh4 33. Rxf7 g5 34.
Rg7 Rg4 35. Rxg4 Bxg4 36. Nd5 Bd7 37. Rxd7 Kxd7 0-1

[Event "AUTO-ADV-4749"]
[Site "http://www.queenalice.com/game.php?id=1826199"]
[Date "2023.11.29"]
[Round "1"]
[White "OnlyJoking"]
[Black "steinie"]
[Result "1-0"]
[WhiteElo "1809"]
[BlackElo "1941"]

1. d4 d5 2. c4 dxc4 3. Nf3 Nf6 4. e3 Be6 5. Nc3 Nc6 6. a3 Rc8 7. Be2 Bd5 8. Nxd5
Qxd5 9. Qa4 b5 10. Qc2 e6 11. O-O Bd6 12. Kh1 g5 13. e4 Nxe4 14. Be3 g4 15. Nd2
Qh5 16. g3 Nxd2 17. Qxd2 Qd5+ 18. Kg1 f5 19. f4 Rd8 20. Rad1 Rf8 21. Rf2 Be7 22.
Bf1 Nxd4 23. Bxd4 Qxd4 24. Qxd4 Rxd4 25. Rxd4 Bc5 26. Rd1 Bxf2+ 27. Kxf2 a6 28.
Bg2 Ke7 29. Bc6 1-0

[Event "AUTO-ADV-4749"]
[Site "http://www.queenalice.com/game.php?id=1826200"]
[Date "2023.11.29"]
[Round "1"]
[White "steinie"]
[Black "OnlyJoking"]
[Result "0-1"]
[WhiteElo "1920"]
[BlackElo "1852"]

1. b4 e5 2. e4 Bxb4 3. c3 Ba5 4. d4 Qf6 5. Be3 d6 6. Nf3 h6 7. Qa4+ Bd7 8. Qxa5
b6 9. Qa3 Ne7 10. dxe5 dxe5 11. Nbd2 O-O 12. Rd1 c5 13. Nc4 Nc8 14. Ncxe5 Rd8
15. Bd3 Nd6 16. Rf1 Nb5 17. Bxb5 Bxb5 18. Rxd8+ Qxd8 19. c4 Bc6 20. Nd2 a5 21.
f4 Ra7 22. Qb3 Re7 23. Bxc5 bxc5 24. Qe3 Qd6 25. Nb3 a4 26. Nxc5 Nd7 27. Nexd7
Bxd7 28. Nxd7 Rxd7 29. e5 Qb4+ 30. Kf2 Rd2+ 0-1

[Event "AUTO-ADV-4749"]
[Site "http://www.queenalice.com/game.php?id=1826217"]
[Date "2023.11.29"]
[Round "1"]
[White "steinie"]
[Black "rockaudrey"]
[Result "0-1"]
[WhiteElo "1850"]
[BlackElo "2288"]

1. d4 Nf6 2. c4 g6 3. Nc3 d5 4. cxd5 Nxd5 5. e4 Nxc3 6. bxc3 Bg7 7. Be3 c5 8.
Bb5+ Nd7 9. Ne2 O-O 10. dxc5 Qc7 11. Bxd7 Bxd7 12. f4 Bg4 13. Qc2 Bxe2 14. Kxe2
Rfd8 15. Rad1 Qa5 16. c4 e6 17. Rxd8+ Rxd8 18. Rd1 Rxd1 19. Kxd1 Bf8 20. Qd2
Qa4+ 21. Qc2 Qc6 22. g4 Bxc5 23. Bxc5 Qxc5 24. Qa4 Qg1+ 25. Kd2 Qxh2+ 26. Ke3
Qg3+ 27. Kd4 Qxf4 28. Qe8+ Kg7 29. Qc8 Qf2+ 30. Ke5 Qg3+ 31. Kd4 Qd6+ 0-1

[Event "AUTO-ADV-4749"]
[Site "http://www.queenalice.com/game.php?id=1826218"]
[Date "2023.11.29"]
[Round "1"]
[White "rockaudrey"]
[Black "steinie"]
[Result "1-0"]
[WhiteElo "2287"]
[BlackElo "1852"]

1. e4 e5 2. Nf3 Nc6 3. d4 exd4 4. Nxd4 Nxd4 5. Qxd4 f5 6. Be2 Nf6 7. e5 Ne4 8.
O-O d6 9. Re1 c5 10. Qd5 Be7 11. Bc4 Rf8 12. exd6 Nxd6 13. Bg5 Ne4 14. Bxe7 Qxd5
15. Bxd5 Kxe7 16. f3 Rd8 17. fxe4 Be6 18. Bxb7 Rab8 19. Ba6 Rxb2 20. exf5 Rxc2
21. Rxe6+ Kf8 22. Na3 Rc3 23. Nb5 Rc2 24. Nd6 g6 25. f6 Rd2 26. Nb7 R8d5 27.
Rae1 R2d4 28. Na5 h5 29. Nc6 Rf4 30. Ne5 g5 31. Ng6+ 1-0

[Event "AUTO-ADV-4749"]
[Site "http://www.queenalice.com/game.php?id=1826219"]
[Date "2023.11.29"]
[Round "1"]
[White "steinie"]
[Black "NickThorp"]
[Result "0-1"]
[WhiteElo "1786"]
[BlackElo "1540"]

1. d4 d5 2. Nc3 Nf6 3. Bf4 Bf5 4. e3 e6 5. g4 Be4 6. f3 Bg6 7. Bb5+ c6 8. Bd3
Bxd3 9. cxd3 Bb4 10. Ne2 O-O 11. a3 Bxc3+ 12. Nxc3 Na6 13. b4 b5 14. a4 Nxb4 15.
axb5 cxb5 16. Qb1 Qe7 17. Nxb5 Nc6 18. Bd6 Qd7 19. Bxf8 Kxf8 20. g5 Nh5 21. Qc1
Rb8 22. Qc5+ Kg8 23. Rc1 Ne7 24. Nc7 Rc8 25. Qxa7 f6 26. f4 Nc6 27. Qa1 Rxc7 28.
Rc5 fxg5 29. Qa8+ Rc8 30. Qa1 h6 31. fxg5 hxg5 32. Rg1 Qe7 33. Qd1 Nf6 34. Qa4
Qb7 35. Rxg5 Kh7 0-1

[Event "AUTO-ADV-4749"]
[Site "http://www.queenalice.com/game.php?id=1826220"]
[Date "2023.11.29"]
[Round "1"]
[White "NickThorp"]
[Black "steinie"]
[Result "0-1"]
[WhiteElo "1441"]
[BlackElo "1976"]

1. e4 e5 2. Nf3 Bd6 3. Bc4 Nf6 4. d3 c6 5. Bg5 Qc7 6. O-O b5 7. Bb3 Bc5 8. Nc3
d6 9. Bxf6 gxf6 10. h3 Rg8 11. Qd2 Bxh3 12. Nh4 Rg4 13. Qh6 b4 14. Ne2 Nd7 0-1

[Event "AUTO-ADV-4787"]
[Site "http://www.queenalice.com/game.php?id=1836265"]
[Date "2024.5.4"]
[Round "1"]
[White "steinie"]
[Black "Daniel1962"]
[Result "0-1"]
[WhiteElo "1841"]
[BlackElo "1820"]

1. d4 d5 2. Nc3 Bf5 3. Bf4 e6 4. e4 dxe4 5. g4 Bg6 6. f3 exf3 7. Nxf3 Nc6 8. Bb5
Ne7 9. h4 f5 10. Ng5 a6 11. Nxe6 Qd7 12. Bxc6 Nxc6 13. Nxc7+ Kf7 14. Nxa8 Qe8+
15. Kf1 Qxa8 16. h5 fxg4 17. hxg6+ Kxg6 0-1

[Event "AUTO-ADV-4787"]
[Site "http://www.queenalice.com/game.php?id=1836266"]
[Date "2024.5.4"]
[Round "1"]
[White "Daniel1962"]
[Black "steinie"]
[Result "1-0"]
[WhiteElo "1754"]
[BlackElo "1861"]

1. d4 d5 2. Bf4 Nc6 3. e3 e5 4. dxe5 g5 5. Bg3 Be6 6. Bb5 a6 7. Bxc6+ bxc6 8.
Nc3 f6 9. exf6 Qxf6 10. Bxc7 Bb4 11. Qd4 Qxd4 12. exd4 Ne7 13. Ne2 c5 14. dxc5
1-0

[Event "AUTO-ADV-4787"]
[Site "http://www.queenalice.com/game.php?id=1836267"]
[Date "2024.5.4"]
[Round "1"]
[White "steinie"]
[Black "almiradm87"]
[Result "0-1"]
[WhiteElo "1880"]
[BlackElo "1796"]

1. b4 Nf6 2. d4 d5 3. Nf3 Bg4 4. Nc3 e6 5. Rb1 Bd6 6. h3 Bh5 7. Bg5 O-O 8. g4
Bg6 9. Ne5 h6 10. Bh4 Na6 11. b5 Nb8 0-1

[Event "AUTO-ADV-4787"]
[Site "http://www.queenalice.com/game.php?id=1836268"]
[Date "2024.5.4"]
[Round "1"]
[White "almiradm87"]
[Black "steinie"]
[Result "1-0"]
[WhiteElo "1775"]
[BlackElo "1901"]

1. e4 e5 2. Nf3 Nf6 3. Nc3 Nc6 4. Bb5 a6 5. Ba4 b5 6. Bb3 b4 7. Nd5 Nxe4 8. d3
Nf6 9. Nxf6+ gxf6 10. O-O d5 11. Ba4 Bd7 12. Re1 1-0